Score 0/65 Timer 15:00
0 Plays Today
% Correct
John
89.8%
Michael
89.2%
James
87.4%
William
84.4%
David
83.7%
Matthew
83.4%
Daniel
79.5%
Thomas
79%
Christopher
77.3%
Andrew
77%
Jacob
76.5%
Jack
74.8%
Joseph
74.2%
Alex
72.9%
Joshua
70%
Benjamin
67.8%
Ryan
66.9%
Samuel
66.1%
Nathan
65.5%
Luke
65.3%
Nicholas
64.3%
Alexander
63.5%
Ethan
62.3%
Zachary
59.7%
Anthony
58.8%
Tyler
58.7%
Lucas
56.7%
Brandon
56.2%
Henry
54.9%
Evan
51.9%
Ian
51.9%
Aiden
51.4%
Noah
51%
% Correct
Jackson
49.6%
Isaac
48.9%
Liam
47.4%
Jayden
44.2%
Logan
43.3%
Connor
42.9%
Christian
42.9%
Jake
42.7%
Dylan
42.1%
Owen
41.8%
Mason
41.3%
Caleb
41.1%
Max
38.9%
Elijah
37.3%
Aidan
36.3%
Austin
35.7%
Gabriel
35.5%
Cameron
34.7%
Hunter
34.6%
Isaiah
33.9%
Carter
33.7%
Brayden
33.4%
Cole
32.2%
Chase
31.3%
Landon
29.8%
Gavin
27.3%
Wyatt
26.8%
Parker
26.1%
Brody
22.2%
Cooper
21.6%
Jordon
7.4%
Tristin
4.7%
Remove Ads.
Support Sporcle.
Get the best of Sporcle when you Go Orange. This ad-free experience offers more features, more stats, and more fun while also helping to support Sporcle. Thank you for becoming a member.

You're not logged in!

Compare scores with friends on all Sporcle quizzes.
OR
Log In

Show Comments

Extras

Created Oct 10, 2009ReportNominate
Tags:Baby Names Quiz, 2009, Baby, male

Top Quizzes Today


Score Distribution

Your Account Isn't Verified!

In order to create a playlist on Sporcle, you need to verify the email address you used during registration. Go to your Sporcle Settings to finish the process.

Report this User

Report this user for behavior that violates our Community Guidelines.

Details: